000 00612nam a22001937a 4500
005 20240320144459.0
010 _aENG-139792
020 _a9789354424557
_c820.00
035 _aEN-123324
037 _bDBAD/PUB
082 _a331.201552
_21
100 _aSavyasaachi
_963674
245 _aA Trust With Nature:
_bLabour, Self and Language/
_cBy Savyasaachi
250 _a1
260 _aHyderabad
_bOrient Blackswan Private Ltd
_c2023
270 _a3-6-752, Himayatnagar
_bHyderabad
_e500029
_minfo@orintblackswan.com
300 _axx,203p.
_c22cm(pbk)
942 _2ddc
_h331.201552
_cEN
_mSAV
_e1
999 _c201649
_d201649